1638 1665 1611 1910 1813 1970 1881 1936 1307 1956 1263 1783 1105 1208 1361 1846 1075 1753 1663 1174 1901 1728 1428 1019 1424 1182 1773 1543 1169 1533 1184 1530 1890 1946 1945 1026 1263 1628 1418 1427 1622 1528 1575 1273 1823 1276 1183 1267 1088 1625 1332 1879 1407 1286 1152 1667 1323 1169 1267 1643 1247 1097 1725 1504 1577 1846 1781 1503 1230 1012 1503 1157 1875 1725 1769 1231 1286 1447 1693 1824 1080 1177 1394 1049 1471 1007 1741 1800 1492 1758 1892 1276 1317 1188 1676 1279 1682 1617 1138 BCNSPRNW ULIB Ver.6.0+V

เปลี่ยนเป็นภาษาไทย

Change to English
 แสดงรายละเอียดบรรณานุกรม
  กลับหน้าหลัก

Brief Record : Get Marc (ISO 2709) : E-mail record : QR code < ปิดหน้าต่าง
LEADER : 00000nam 2200000uu 4500
001    13399124167
003     ULIB
008    150123s2557||||th 000 0 tha d
020    ^a9786169141716
060 04 ^aWE544^bฟ479
245 00 ^aฟื้นฟูวิชาการโรคข้อและรูมาติสซั่มประจำปี 2557 /^cบรรณาธิการ, ไพจิตต์ อัศวธนบดี
246 14 ^aNew insights into rheumatology
250    ^aพิมพ์ครั้งที่ 1
260    ^aกรุงเทพฯ :^bสมาคมรูมาติสซั่มแห่งประเทศไทย,^c2557
300    ^a159 หน้า :^bภาพประกอบ ;^c21 ซม.
500    ^aชื่อเรื่องหน้าปก : ฟื้นฟูวิชาการโรคข้อและรูมาติสซั่ม : Rheumatology Plus
650  4 ^aข้ออักเสบรูห์มาตอยด์^vการประชุม
650  4 ^aข้อ, โรค^vการประชุม
650  4 ^aกระดูก, โรค^vการประชุม
650  4 ^aรูห์มาติสม^vการประชุม
653    ^aผลงานอาจารย์คณะแพทยศาสตร์ศิริราชพยาบาล
700 0  ^aไพจิตต์ อัศวธนบดี,^eบรรณาธิการ
700 0^ a
710 2  ^aสมาคมรูมาติสซั่มแห่งประเทศไทย
945    ^p250^l0^i038783
945    ^p250^l0^i038784
945    ^p250^l0^i038785
945    ^p250^l0^i038786
945    ^p250^l0^i038787
945    ^p250^l0^i038788
945    ^p250^l0^i038789
945    ^p250^l0^i038790
999    ^aเกษร โพธิ์สุวรรณ
รายการนี้ยังไม่มีแท็ก
คุณยังไม่ได้ล็อกอิน คุณสามารถมีกิจกรรมร่วมกับเว็บไซต์ได้ แต่ต้องล็อกอินก่อน ::
  ล็อกอิน

รายการสื่อสารสนเทศ

ลำดับที่ ประเภท เลขเรียก/บาร์โค้ด สถานที่ สถานะ
1. วิทยาศาสตร์การแพทย์ และสุขภาพ
วิทยาศาสตร์การแพทย์ และสุขภาพ
สถานะ=หนังสือเก่า
WE544 ฟ479 ฉ.1 
  Barcode: 038783
ห้องสมุดวิทยาเขตสวรรค์ประชารักษ์
►ส่วนจัดเก็บหนังสือเก่า สปร
บนชั้น
  ขอยืม
2. วิทยาศาสตร์การแพทย์ และสุขภาพ
วิทยาศาสตร์การแพทย์ และสุขภาพ
สถานะ=หนังสือเก่า
WE544 ฟ479 ฉ.2 
  Barcode: 038784
ห้องสมุดวิทยาเขตสวรรค์ประชารักษ์
►ส่วนจัดเก็บหนังสือเก่า สปร
บนชั้น
  ขอยืม
3. วิทยาศาสตร์การแพทย์ และสุขภาพ
วิทยาศาสตร์การแพทย์ และสุขภาพ
สถานะ=หนังสือเก่า
WE544 ฟ479 ฉ.3 
  Barcode: 038785
ห้องสมุดวิทยาเขตสวรรค์ประชารักษ์
►ส่วนจัดเก็บหนังสือเก่า สปร
บนชั้น
  ขอยืม
4. วิทยาศาสตร์การแพทย์ และสุขภาพ
วิทยาศาสตร์การแพทย์ และสุขภาพ
สถานะ=หนังสือเก่า
WE544 ฟ479 ฉ.4 
  Barcode: 038786
ห้องสมุดวิทยาเขตสวรรค์ประชารักษ์
►ส่วนจัดเก็บหนังสือเก่า สปร
บนชั้น
  ขอยืม
5. วิทยาศาสตร์การแพทย์ และสุขภาพ
วิทยาศาสตร์การแพทย์ และสุขภาพ
สถานะ=หนังสือเก่า
WE544 ฟ479 ฉ.5 
  Barcode: 038787
ห้องสมุดวิทยาเขตสวรรค์ประชารักษ์
►ส่วนจัดเก็บหนังสือเก่า สปร
บนชั้น
  ขอยืม
6. วิทยาศาสตร์การแพทย์ และสุขภาพ
วิทยาศาสตร์การแพทย์ และสุขภาพ
สถานะ=หนังสือเก่า
WE544 ฟ479 ฉ.6 
  Barcode: 038788
ห้องสมุดวิทยาเขตสวรรค์ประชารักษ์
►ส่วนจัดเก็บหนังสือเก่า สปร
บนชั้น
  ขอยืม
7. วิทยาศาสตร์การแพทย์ และสุขภาพ
วิทยาศาสตร์การแพทย์ และสุขภาพ
สถานะ=หนังสือเก่า
WE544 ฟ479 ฉ.7 
  Barcode: 038789
ห้องสมุดวิทยาเขตสวรรค์ประชารักษ์
►ส่วนจัดเก็บหนังสือเก่า สปร
บนชั้น
  ขอยืม
8. วิทยาศาสตร์การแพทย์ และสุขภาพ
วิทยาศาสตร์การแพทย์ และสุขภาพ
สถานะ=หนังสือเก่า
WE544 ฟ479 ฉ.8 
  Barcode: 038790
ห้องสมุดวิทยาเขตสวรรค์ประชารักษ์
►ส่วนจัดเก็บหนังสือเก่า สปร
บนชั้น
  ขอยืม

BibComment


ยังไม่เคยถูกคอมเมนท์

คอมเมนท์ทรัพยากรรายการนี้
  คอมเมนท์: ฟื้นฟูวิชาการโรค..


 Copyright 2026. Bcnsprnw @Library